| 000 | 01424cam a22004097a 4500 | ||
|---|---|---|---|
| 003 | CHAP | ||
| 005 | 20220817044406.0 | ||
| 008 | 101109s2008 it r 00010 eng d | ||
| 010 | _a99713 | ||
| 011 | _a100685 | ||
| 020 | _a978-92-5-106066-7 v.2 | ||
| 020 | _a9789251060605 v.1 | ||
| 035 | _a111371 | ||
| 040 | _cCHAP | ||
| 082 | 0 |
_a338.19 _bF21y |
|
| 110 | 2 | _aFAO | |
| 245 | 1 | 0 |
_aMethods to monitor the human right to adequate food : _bbook 2 _c/por FAO |
| 260 |
_aRome : _bFAO, _c2008 |
||
| 300 |
_a2v. : _btablas |
||
| 490 | 3 | _aEl derecho a la alimentacion. | |
| 505 | 0 | _aContenido : v.1 Making the case for rights-focused and rights-based monitoring. -- v.2 An overview of approaches and tools | |
| 590 |
_aBATCH-UPD _b10 _c20130110 _lUCH01 _h0857 |
||
| 590 |
_aBATCH-UPD _b10 _c20130410 _lUCH01 _h0527 |
||
| 590 |
_aBATCH-UPD _b10 _c20130914 _lUCH01 _h0221 |
||
| 590 |
_aCONVERSION _b10 _c20130109 _lUCH01 _h1355 |
||
| 650 | 1 | 4 |
_aAlimentación. _94109 |
| 650 | 1 | 4 |
_aAlimentos _xInspección. _94239 |
| 650 | 1 | 4 |
_aAyuda alimentaria. _99032 |
| 650 | 1 | 4 |
_aAyuda técnica. _99035 |
| 650 | 1 | 4 |
_aDerechos humanos. _931916 |
| 650 | 1 | 4 |
_aPolítica alimentaria. _990389 |
| 830 | 3 |
_aEl derecho a la alimentacion. _936122 |
|
| 901 | _aBK | ||
| 942 | _cLIBRO | ||
| 949 |
_a338.19 F21y _bBC _cFAO _d33724002097017 _eFAO1 _fv.1 _h113719 _i111371 _sb |
||
| 949 |
_a338.19 F21y _bBC _cFAO _d33724002097058 _eFAO2 _fv.2 _h113720 _i111371 _sb |
||
| 999 |
_c99713 _d99713 |
||